000 01339nam a2200205Ia 4500
003 Ost
005 20260507075120.0
008 260507s9999||||xx |||||||||||||| ||und||
040 _cfsecg
041 _aara
082 _a330
100 _aحنفي، عبد الغفار
_eمؤلف
245 0 _aأساسيات الإدارة المالية :
_bدراسات الجدوى- تحليل مالي- سياسات توزيع الأرباح /
_c عبد الغفار حنفي
260 _aالإسكندرية:
_bدار الجامعة الجديدة للنشر,
_c2003
300 _a447 صفحة؛
_bإيضاحات ؛
_c24 سم
520 _aالإستثمارات الرأسمالية- الإنفاق الرأسمالي- أساليب تقييم الإقتراحات الإستثمارية في ظروف الثبات والتأكد- المفاضلة بين الإقتراحات الإستثمارية في ظروف التغيير وعدم التأكد- تكلفة الاموال واتخاذ قرارات الإستثمار- التمويل الداخلي والخارجي- منهج قياس تكلفة- الإستثمارية الإحلالية- التحليل المالي واتخاذ القرارات- التخطيط المالي والرقابة
653 _aالإدارة
653 _aالإدارة المالية
942 _cكتاب
999 _c43071
_d43071